| 000 | 00594nam a22001697a 4500 | ||
|---|---|---|---|
| 005 | 20260331095412.0 | ||
| 008 | 231128b ||||| |||| 00| 0 eng d | ||
| 020 | _a9781804061459 | ||
| 082 |
_2 _aDC 372.807 St623 2022 _b |
||
| 100 |
_aStockard, James W. _950204 |
||
| 245 |
_aHandbook for teaching secondary school social studies / _cJames W. Stockard. |
||
| 260 |
_aUnited Kingdom : _bEd-tech press, _c©2022. |
||
| 300 |
_axii, 188 pages : _billustrations ; _c22 cm. |
||
| 500 | _aIncludes references and index. | ||
| 650 |
_aSocial sciences _vstudy and teaching. _92156 |
||
| 942 |
_2ddc _cDC |
||
| 999 |
_c18520 _d18520 |
||